000 00276nam a2200121Ia 4500
008 190216s9999||||xx |||||||||||||| ||und||
100 _aShukoorali K P
245 0 _aArabic Bodhana Sahayi
260 _bHuda Publications
_c1977
300 _a141p
650 _aArabic
942 _cBK
999 _c146
_d146